Szczegóły MARC21

Dialogi. T. 2 /

003 -Nazwa inst., której nr kontr. jest w polu 001 [,]
    • @
    • Nazwa instytucji, której n kontrolny jest w polu 001
    • NUKAT
005 -DATA I CZAS OSTATNIEJ MODYFIKACJI [,]
    • @
    • pole kontrolne
    • 20260421212155.0
020 -Międzynarod. znormalizowany nr książki - ISBN [ , ]
    • a
    • Numer ISBN
    • 8391066134 Find
020 -Międzynarod. znormalizowany nr książki - ISBN [ , ]
    • a
    • Numer ISBN
    • 8391066150 Find
    • q
    • Dopowiedzenie
    • t. 2
040 -Instytucja sporządzająca opis [ , ]
    • a
    • Instytucja, która sporządziła opis (NP)
    • LUBL M/AB
    • c
    • Instytucja, która sporządziła rekord (NP)
    • LUBL M/AB
    • d
    • Instytucja, która zmodyfikowała rekord (P)
    • LUBL M/IK
    • d
    • Instytucja, która zmodyfikowała rekord (P)
    • WR 56/ms
    • d
    • Instytucja, która zmodyfikowała rekord (P)
    • GD PAN/ETs
    • d
    • Instytucja, która zmodyfikowała rekord (P)
    • OLSZT 003/bak
041 -Język dokumentu [1, ]
    • a
    • Język tekstu (P)
    • polski
    • h
    • Język tekstu oryginalnego i/lub pośredniego (P)
    • grecki, starożytny (do 1453)
942 -Rodzaj dokumentu [ , ]
    • c
    • Rodzaj dokumentu
    • Książka
100 -Hasło główne - nazwa osobowa [0, ]
    • a
    • Nazwa osobowa (NP)
    • Plato
    • d
    • Daty biograficzne (NP)
    • (427-347 p.n.e.).
    • 9
    • KHW
    • 86831
245 -Strefa tytułu i oznaczenia odpowiedzialności [1,0]
    • a
    • Tytuł
    • Dialogi. Find
    • n
    • Oznaczenie części (P)
    • T. 2 /
    • c
    • Pozostałe elementy strefy tytułu i oznaczenia odpowiedzialności (NP)
    • Platon ; przeł. oraz wstępami i objaśnieniami opatrzył Władysław Witwicki.
260 -Strefa adresu wydawniczego [ , ]
    • a
    • Miejsce wydania (P)
    • Kęty :
    • b
    • Nazwa wydawcy (P)
    • Antyk,
    • c
    • Data wydania (P)
    • 1999.
300 -Strefa opisu fizycznego [ , ]
    • a
    • Określenie formy książki i/lub objętość (NP)
    • 766, [1] s. ;
    • c
    • Format (NP)
    • 24 cm.
336 -Typ zawartości [ , ]
    • a
    • Termin opisujący typ zawartości
    • Tekst
    • b
    • Kod określający zawartość
    • txt
    • 2
    • Źródło (terminu i kodu)
    • rdacontent
337 -Typ mediów [ , ]
    • a
    • Tryb odtwarzania
    • Bez urządzenia pośredniczącego
    • b
    • Kod typu mediów
    • n
    • 2
    • Źródło (terminu i kodu)
    • rdamedia
338 -Typ/rodzaj nośnika [ , ]
    • a
    • Hasło opisujące typ nośnika
    • Wolumin
    • b
    • Kod typu nośnika
    • nc
    • 2
    • Źródło (terminu i kodu)
    • rdacarrier
380 -Deskryptor - Forma dzieła (P) [ , ]
    • a
    • forma dzieła (NP)
    • Książki
380 -Deskryptor - Forma dzieła (P) [ , ]
    • a
    • forma dzieła (NP)
    • Publikacje naukowe
388 -Deskryptor - czas powstania dzieła (P) [1, ]
    • a
    • Czas powstania dzieła (NP)
    • 1901-2000
388 -Deskryptor - czas powstania dzieła (P) [1, ]
    • a
    • Czas powstania dzieła (NP)
    • 1989-2000
388 -Deskryptor - czas powstania dzieła (P) [1, ]
    • a
    • Czas powstania dzieła (NP)
    • 400-301 p.n.e.
490 -Strefa serii i książki wielotomowej - forma nie do wyszukiwania [1, ]
    • a
    • Tytuł (P)
    • Biblioteka Europejska Find
830 -Hasło dodatkowe serii i opisu książki wielotomowej - tytuł ujednolicony/tytuł [ ,0]
    • a
    • Tytuł ujednolicony/tytuł (NP)
    • Biblioteka Europejska - Antyk
    • 9
    • KHW
    • 9894
500 -Uwaga ogólna [ , ]
    • a
    • Uwaga ogólna (NP)
    • Na s. red. błędny zapis ISBN.
505 -Uwaga dot. zawartości książki [0, ]
    • a
    • Uwaga dot. zawartości książki
    • Uczta ; Fajdros ; Eutydem ; Parmenides ; Teajtet ; Sofista ; Polityk ; Fileb ; Timaios ; Kritias.
080 -Uniwersalna Klasyfikacja Dziesiętna [ , ]
    • 2
    • Identyfikator wydania tablic
    • UDC-P058
    • 9
    • UKD
    • 2383
    • a
    • Symbol klasyfikacji
    • 141
    • b
    • Dopowiedzenie
    • Systemy filozoficzne.
    • 4
    • UKD2
    • 8457
    • x
    • Poddział wspólny
    • (38)
    • c
    • Dopowiedzenie poddz. wspólnego
    • (Grecja. Hellada).
    • 4
    • UKD2
    • 10298
    • x
    • Poddział wspólny
    • "-04/-03"
    • c
    • Dopowiedzenie poddz. wspólnego
    • Wiek V/IV p.n.e.
648 -Hasło przedmiotowe - chronologia [ ,7]
    • a
    • Deskryptor chronologiczny
    • 400-301 p.n.e.
    • 2
    • Źródło terminu
    • DBN
    • 9
    • KHW
    • 722288
648 -Hasło przedmiotowe - chronologia [ ,7]
    • a
    • Deskryptor chronologiczny
    • 500-401 p.n.e.
    • 2
    • Źródło terminu
    • DBN
    • 9
    • KHW
    • 722270
650 -Hasło przedmiotowe [ ,7]
    • a
    • Hasło przedmiotowe
    • Filozofia starożytnej Grecji
    • 2
    • Źródło terminu
    • DBN
    • 9
    • KHW
    • 730175
650 -Hasło przedmiotowe [ ,7]
    • a
    • Hasło przedmiotowe
    • Filozofia starożytna
    • v
    • Określnik formalny
    • dzieła przed 1800.
    • 2
    • Źródło terminu
    • kaba
    • 9
    • KHW
    • 535155
655 -Hasło w funkcji tematu formalnego [ ,7]
    • a
    • Hasło
    • Dialog
    • 2
    • Źródło terminu
    • DBN
    • 9
    • KHW
    • 744810
655 -Hasło w funkcji tematu formalnego [ ,7]
    • a
    • Hasło
    • Wydawnictwo źródłowe
    • 2
    • Źródło terminu
    • DBN
    • 9
    • KHW
    • 720943
655 -Hasło w funkcji tematu formalnego [ ,7]
    • a
    • Hasło
    • Dialogi greckie
    • v
    • Określnik formy
    • tłumaczenia polskie.
    • 2
    • Źródło terminu
    • kaba
    • 9
    • KHW
    • 446977
658 -Ujęcie treści [ , ]
    • a
    • dziedzina nauki i sztuki/ sfera aktywności życiowej
    • Filozofia i etyka
658 -Ujęcie treści [ , ]
    • a
    • dziedzina nauki i sztuki/ sfera aktywności życiowej
    • Historia
980 -Symbol UKD [ , ]
    • a
    • UKD
    • 141(38)"-04/-03"
700 -Hasło dodatkowe - nazwa osobowa [1, ]
    • a
    • Nazwa osobowa (NP)
    • Witwicki, Władysław Find
    • d
    • Daty biograficzne (NP)
    • (1878-1948).
    • e
    • Określenie rodzaju współpracy
    • Tł.
    • 9
    • KHW
    • 10106
700 -Hasło dodatkowe - nazwa osobowa [0,2]
    • a
    • Nazwa osobowa (NP)
    • Plato Find
    • d
    • Daty biograficzne (NP)
    • (427-347 p.n.e.).
    • t
    • Tytuł ujednolicony/tytuł (NP)
    • Symposion Find
    • l
    • Język tekstu (NP)
    • (pol.)
    • 9
    • KHW
    • 450561
700 -Hasło dodatkowe - nazwa osobowa [0,2]
    • a
    • Nazwa osobowa (NP)
    • Plato Find
    • d
    • Daty biograficzne (NP)
    • (427-347 p.n.e.).
    • t
    • Tytuł ujednolicony/tytuł (NP)
    • Faidros Find
    • l
    • Język tekstu (NP)
    • (pol.)
    • 9
    • KHW
    • 86832
700 -Hasło dodatkowe - nazwa osobowa [0,2]
    • a
    • Nazwa osobowa (NP)
    • Plato Find
    • d
    • Daty biograficzne (NP)
    • (427-347 p.n.e.).
    • t
    • Tytuł ujednolicony/tytuł (NP)
    • Euthydīmos Find
    • l
    • Język tekstu (NP)
    • (pol.)
    • 9
    • KHW
    • 446793
700 -Hasło dodatkowe - nazwa osobowa [0,2]
    • a
    • Nazwa osobowa (NP)
    • Plato Find
    • d
    • Daty biograficzne (NP)
    • (427-347 p.n.e.).
    • t
    • Tytuł ujednolicony/tytuł (NP)
    • Parmenidīs Find
    • l
    • Język tekstu (NP)
    • (pol.)
    • 9
    • KHW
    • 493154
700 -Hasło dodatkowe - nazwa osobowa [0,2]
    • a
    • Nazwa osobowa (NP)
    • Plato Find
    • d
    • Daty biograficzne (NP)
    • (427-347 p.n.e.).
    • t
    • Tytuł ujednolicony/tytuł (NP)
    • Theaitītos Find
    • l
    • Język tekstu (NP)
    • (pol.)
    • 9
    • KHW
    • 458403
700 -Hasło dodatkowe - nazwa osobowa [0,2]
    • a
    • Nazwa osobowa (NP)
    • Plato Find
    • d
    • Daty biograficzne (NP)
    • (427-347 p.n.e.).
    • t
    • Tytuł ujednolicony/tytuł (NP)
    • Sofistīs Find
    • l
    • Język tekstu (NP)
    • (pol.)
    • 9
    • KHW
    • 447339
700 -Hasło dodatkowe - nazwa osobowa [0,2]
    • a
    • Nazwa osobowa (NP)
    • Plato Find
    • d
    • Daty biograficzne (NP)
    • (427-347 p.n.e.).
    • t
    • Tytuł ujednolicony/tytuł (NP)
    • Politikos Find
    • l
    • Język tekstu (NP)
    • (pol.)
    • 9
    • KHW
    • 447338
700 -Hasło dodatkowe - nazwa osobowa [0,2]
    • a
    • Nazwa osobowa (NP)
    • Plato Find
    • d
    • Daty biograficzne (NP)
    • (427-347 p.n.e.).
    • t
    • Tytuł ujednolicony/tytuł (NP)
    • Filīvos Find
    • l
    • Język tekstu (NP)
    • (pol.)
    • 9
    • KHW
    • 511730
700 -Hasło dodatkowe - nazwa osobowa [0,2]
    • a
    • Nazwa osobowa (NP)
    • Plato Find
    • d
    • Daty biograficzne (NP)
    • (427-347 p.n.e.).
    • t
    • Tytuł ujednolicony/tytuł (NP)
    • Timaios Find
    • l
    • Język tekstu (NP)
    • (pol.)
    • 9
    • KHW
    • 468096
700 -Hasło dodatkowe - nazwa osobowa [0,2]
    • a
    • Nazwa osobowa (NP)
    • Plato Find
    • d
    • Daty biograficzne (NP)
    • (427-347 p.n.e.).
    • t
    • Tytuł ujednolicony/tytuł (NP)
    • Kritias Find
    • l
    • Język tekstu (NP)
    • (pol.)
    • 9
    • KHW
    • 468095
710 -Hasło dodatkowe - nazwa ciała zbiorowego [2, ]
    • a
    • Nazwa ciała zbiorowego lub nazwa geograficzna jako pierwszy element (NP)
    • Wydawnictwo Antyk, Marek Derewiecki.
    • 4
    • Kod relacji
    • pbl
    • 9
    • KHW
    • 91381
920 -ISBN [ , ]
    • a
    • ISBN
    • 83-910661-3-4 Find
920 -ISBN [ , ]
    • a
    • ISBN
    • 83-910661-5-0 Find
    • q
    • Dopowiedzenie
    • t. 2
Data inwentaryzacji Lokalizacja Status udost. Numer inwentarzowy Uwagi nie widoczne w OPAC Sygnatura
 BG-3W.200063retrokonwersjaW.200058/2
 BG-3W.200062retrokonwersjaW.200058/2
 BG-3W.200064retrokonwersjaW.200058/2
 BG-3W.200065retrokonwersjaW.200058/2
2010-10-19BG1Z.94629retrokonwersjaZ.94629
1999-09-08BNS1F.29373  
1998-09-08BSA1SA.9573 SA.9573